Resolutions of the 21st Assembly and other decisions : (Resolutions 874-901) : 15-26 November 1999 (Record no. 3306)

000 -LEADER
fixed length control field 00451nam a2200133Ia 4500
008 - FIXED-LENGTH DATA ELEMENTS--GENERAL INFORMATION
fixed length control field 200103s 2000 ||||xx |||||||||||||| ||und||
020 ## - INTERNATIONAL STANDARD BOOK NUMBER
International Standard Book Number 9280150928
082 ## - DEWEY DECIMAL CLASSIFICATION NUMBER
Classification number 341.7566
Item number IMO
110 ## - MAIN ENTRY--CORPORATE NAME
Corporate name or jurisdiction name as entry element International Maritime Organization
245 #0 - TITLE STATEMENT
Title Resolutions of the 21st Assembly and other decisions : (Resolutions 874-901) : 15-26 November 1999
260 ## - PUBLICATION, DISTRIBUTION, ETC. (IMPRINT)
Name of publisher, distributor, etc International Maritime Organization
Date of publication, distribution, etc 2000
Place of publication, distribution, etc London
300 ## - PHYSICAL DESCRIPTION
Extent vi,194p.
942 ## - ADDED ENTRY ELEMENTS (KOHA)
Item type Books
Holdings
Withdrawn status Lost status Source of classification or shelving scheme Damaged status Not for loan Collection code Permanent location Current location Shelving location Date acquired Full call number Barcode Date last seen Koha item type Public note
          Non-fiction IMU-MPC Library IMU-MPC Library IMO Shelf 2020-01-08 341.7566 IMO LBS11133 2025-03-17 Books IMO SHELF
Copyright © 2021 Indian Maritime University, Mumbai Port Campus. All Rights Reserved. Managed & Maintained by Central Library, IMU-Mumbai

webs counters

Powered by Koha